WORD 97: 101 совет обо всем

Detalles Bibliográficos
Autor Principal: Бартников О. С. Олег Сергеевич
Summary:Исключено из фонда НТБ ТПУ
Idioma:ruso
Publicado: Москва, Нолидж, 1998
Formato: Libro
KOHA link:https://koha.lib.tpu.ru/cgi-bin/koha/opac-detail.pl?biblionumber=7558

MARC

LEADER 00000nam0a2200000 4500
001 7558
005 20231030181158.0
010 |a 5892510468 
035 |a (RuTPU)RU\TPU\book\7603 
035 |a BOOK00007662 
090 |a 7558 
100 |a 20011209d1998 m y0rusy50 ca 
101 0 |a rus 
102 |a RU 
105 |a a z 000zy 
200 1 |a WORD 97  |e 101 совет обо всем  |f О. С. Бартников 
210 |a Москва  |c Нолидж  |d 1998 
215 |a 224 с.  |c ил. 
333 |a Исключено из фонда НТБ ТПУ 
700 1 |a Бартников  |b О. С.  |g Олег Сергеевич 
801 0 |a RU  |b 63413507  |c 20011209  |g PSBO 
801 2 |a RU  |b 63413507  |c 20170321  |g PSBO 
942 |c BK